| 000 | 01463nam a2200301Ia 4500 | ||
|---|---|---|---|
| 999 |
_c53885 _d53885 |
||
| 001 | 20936 | ||
| 003 | GE_BSU | ||
| 005 | 20210625165942.0 | ||
| 008 | 181216s2015||||ge |||||||||||||| ||geo|| | ||
| 020 | _a9789941076541 | ||
| 040 | _cGE_BSU | ||
| 041 | _ageo | ||
| 080 | _a159.964 მ–57 | ||
| 100 |
_aმერფი, ჯ. (ჯოზეფ) _912132 |
||
| 245 |
_aთქვენი ქვეცნობიერების ძალა / _cჯ. (ჯოზეფ) მერფი ; მთარგმნ. ნინა და მარინა თურმანიძეები ; რედ. თამაზ თურმანიძე. |
||
| 264 |
_aთბილისი : _bპეგა, _c2015. |
||
| 300 |
_a282 გვ. ; _c20 სმ. |
||
| 541 | _h8ლ.03თ. | ||
| 653 | _aთქვენი ქვეცნობიერების ძალა | ||
| 653 | _aფსიქოლოგია | ||
| 653 | _aქვეცნობიერი | ||
| 653 | _aცხოვრებისეული პრობლემების გადაწყვეტა | ||
| 653 | _aСила вашего подсознания | ||
| 700 |
_aთურმანიძე, ნინა _eმთარგმნელი _912133 |
||
| 700 |
_aთურმანიძე, მარინა _eმთარგმნელი _911864 |
||
| 700 |
_aთურმანიძე, თამაზ _eრედაქტორი _911865 |
||
| 942 |
_cBK _2udc |
||